| Tag |
First Indicator |
Second Indicator |
Subfields |
| LEADER |
00000cam a22000008a 4500 |
| 001 |
in00000870013 |
| 005 |
20151019135935.0 |
| 008 |
890523s1990 mdua b 00110 eng |
| 010 |
|
|
|a 89015215
|
| 020 |
|
|
|a 0805769803 (alk. paper)
|
| 035 |
|
|
|a (OCoLC)19848150
|
| 035 |
|
|
|9 AEK3216AM
|
| 040 |
|
|
|a DLC
|c DLC
|d TXA
|d UtOrBLW
|
| 049 |
|
|
|a TXAM
|c [A12700998]
|
| 050 |
0 |
0 |
|a PR6056.R5
|b Z84 1989
|
| 050 |
|
4 |
|a PR6056.R5
|b Z84 1990
|
| 082 |
0 |
|
|a 822/.914
|2 20
|
| 100 |
1 |
|
|a O'Brien, George,
|d 1945-
|
| 245 |
1 |
0 |
|a Brian Friel /
|c by George O'Brien.
|
| 263 |
|
|
|a 8911
|
| 264 |
|
1 |
|a Boston :
|b Twayne Publishers,
|c [1990]
|
| 264 |
|
4 |
|c ©1990
|
| 300 |
|
|
|a xii, 148 pages :
|b illustrations
|
| 336 |
|
|
|a text
|b txt
|2 rdacontent
|
| 337 |
|
|
|a unmediated
|b n
|2 rdamedia
|
| 338 |
|
|
|a volume
|b nc
|2 rdacarrier
|
| 490 |
1 |
|
|a Twayne's English authors series ;
|v TEAS 470
|
| 504 |
|
|
|a Includes bibliographical references and index.
|
| 600 |
1 |
0 |
|a Friel, Brian
|x Criticism and interpretation.
|
| 830 |
|
0 |
|a Twayne's English authors series ;
|v TEAS 470.
|
| 999 |
|
|
|a MARS
|
| 999 |
f |
f |
|s f6c77d84-658a-3f8f-9671-87df77f3cec8
|i d7283e27-52f6-355c-b0cb-bf9ba25d69f9
|t 0
|
| 952 |
f |
f |
|p normal
|a Texas A&M University
|b College Station
|c Sterling C. Evans Library
|d Evans: Library Stacks
|t 0
|e PR6056.R5 Z84 1990
|h Library of Congress classification
|i unmediated -- volume
|m A14812700998
|
| 998 |
f |
f |
|a PR6056.R5 Z84 1990
|t 0
|l Evans: Library Stacks
|